Discursos políticos y parlamentarios (Record no. 160104)

MARC details
000 -LEADER
campo de control de longitud fija 00807nam a22002055i 4500
001 - NÚMERO DE CONTROL
campo de control 160104
003 - IDENTIFICADOR DE NÚMERO DE CONTROL
campo de control ES-MaACL
005 - FECHA Y HORA DE LA ÚLTIMA TRANSACCIÓN
campo de control 20251010185508.0
008 - DATOS DE LONGITUD FIJA--INFORMACIÓN GENERAL
campo de control de longitud fija 010605s1894 xxuaf |||| | spa d
040 ## - FUENTE DE CATALOGACIÓN
Centro catalogador/agencia de origen CCPB | B
Lengua de catalogación spa
Centro/agencia transcriptor CCPB | B
100 1# - ENTRADA PRINCIPAL--NOMBRE DE PERSONA
Nombre de persona Montoro, Rafael,
Fechas asociadas al nombre 1852-1933
9 (RLIN) 82692
245 10 - MENCIÓN DEL TÍTULO
Título Discursos políticos y parlamentarios
Resto del título : informes y disertaciones /
Mención de responsabilidad, etc. por Rafael Montoro.
260 ## - PUBLICACIÓN, DISTRIBUCIÓN, ETC.
Lugar de publicación, distribución, etc. Filadelfia :
Nombre del editor, distribuidor, etc. [s.n.],
Fecha de publicación, distribución, etc. 1894 (
Fabricante La Compañía Lévytype)
300 ## - DESCRIPCIÓN FÍSICA
Extensión XXXVIII, 596 p., [1] h. de grab. ;
Dimensiones 27 cm.
600 #0 - PUNTO DE ACCESO ADICIONAL DE MATERIA--NOMBRE DE PERSONA
Nombre de persona Montoro, Rafael,
Fechas asociadas al nombre 1852-1933-
Subdivisión general Actividad política
9 (RLIN) 223275
752 ## - ENTRADA AGREGADA--NOMBRE JERÁRQUICO DEL LUGAR
País o entidad superior Estados Unidos -
Ciudad Filadelfia
852 ## - LOCALIZACIÓN
Ubicación ES-MaACL
Número de control de estantería G-6596
Nota libre -- Rust.
-- -- Posible duplicado CCPB000499628-3
852 ## - LOCALIZACIÓN
Ubicación ES-MaACL
Número de control de estantería G-11846
Nota libre -- Enc. hol.
Holdings
Estatus retirado Estado de pérdida Estado de daño No para préstamo Colección Biblioteca de origen Biblioteca actual Ubicación en estantería Fecha de adquisición Fuente de adquisición Total de préstamos Signatura topográfica completa Código de barras Visto por última vez Precio de reemplazo Tipo de ítem Koha
        Libros del s. XIX Biblioteca del Ateneo de Madrid Biblioteca del Ateneo de Madrid Sala Pecera Planta 3 17/01/2008     G-11846 1167618 23/02/2023 23/02/2023 Libro impreso antiguo
        Libros del s. XIX Biblioteca del Ateneo de Madrid Biblioteca del Ateneo de Madrid Depósito 2 17/01/2008     G-6596 1167617 23/02/2023 23/02/2023 Libro impreso antiguo